000
00303 a2200109 4500
001
ART_23954
005
20260410161933.0
008
260409a
245
1
0
_a
De Sócrates a la econometría
100
1
_a
Robertson, David
773
0
_t
Informe
_g
- Año X, Nº 51 (sep. 1978)
_w
REV23765
999
_c
28756
_d
28756